|
|
|
|
| LEADER |
00000nam0a2200000 4500 |
| 001 |
84703 |
| 005 |
20231031100709.0 |
| 010 |
|
|
|a 5845907918
|b 3000 экз.
|
| 021 |
|
|
|a RU
|b 05-29283
|9 05-1463
|
| 035 |
|
|
|a (RuTPU)RU\TPU\book\91029
|
| 090 |
|
|
|a 84703
|
| 100 |
|
|
|a 20051102d2005 km y0rusy5002 ca
|
| 101 |
1 |
|
|a rus
|c eng
|
| 102 |
|
|
|a RU
|
| 105 |
|
|
|a a z 001zy
|
| 200 |
1 |
|
|a Искусство программирования для Unix
|e пер. с англ.
|f Э. С. Реймонд
|
| 210 |
|
|
|a Москва
|c Вильямс
|d 2005
|
| 215 |
|
|
|a 543 с.
|d 24 см.
|
| 225 |
1 |
|
|a Программирование для профессионалов
|
| 320 |
|
|
|a Предметный указатель: с. 536-543
|
| 610 |
1 |
|
|a программирование
|
| 610 |
1 |
|
|a операционные системы
|
| 610 |
1 |
|
|a Unix
|
| 610 |
1 |
|
|a программы
|
| 610 |
1 |
|
|a разработка
|
| 610 |
1 |
|
|a проектирование
|
| 675 |
|
|
|a 681.3.066
|v 3
|z rus
|
| 700 |
|
1 |
|a Реймонд
|b Э. С.
|g Эрик Стивен
|
| 801 |
|
0 |
|a RU
|b RKP
|c 20050610
|g PSBO
|
| 801 |
|
1 |
|a RU
|b 63413507
|c 20051102
|g PSBO
|
| 801 |
|
2 |
|a RU
|b 63413507
|c 20090203
|g PSBO
|
| 942 |
|
|
|c BK
|